<?xml version="1.0" encoding="UTF-8"?>
<collection xmlns="http://www.loc.gov/MARC21/slim">
<record>
  <controlfield tag="001">3497</controlfield>
  <controlfield tag="005">20180201102503.0</controlfield>
  <datafield tag="037" ind1=" " ind2=" ">
    <subfield code="a">OUTRTLK-2018-0014</subfield>
  </datafield>
  <datafield tag="100" ind1=" " ind2=" ">
    <subfield code="a">Vanlommel, Petra</subfield>
  </datafield>
  <datafield tag="245" ind1=" " ind2=" ">
    <subfield code="a">Krachtige zonnestorm op komst - kijken naar de Zon</subfield>
  </datafield>
  <datafield tag="260" ind1=" " ind2=" ">
    <subfield code="c">2017</subfield>
  </datafield>
  <datafield tag="269" ind1=" " ind2=" ">
    <subfield code="c">2017-07-02</subfield>
  </datafield>
  <datafield tag="520" ind1=" " ind2=" ">
    <subfield code="a">De zon is het favoriete studieobject van de wetenschappers van de afdeling zonnefysica. De zon maakt niet alleen het mooie weer, maar ook het 'ruimteweer' dat een impact heeft op hoogtechnologische systemen zoals satelliet-navigatie. Daarom worden zonnestormen en zonne-explosies op de voet gevolgd. Vanop de aarde en vanuit de ruimte proberen ze via grensverleggende ruimtemissies en nieuwe observatietechnieken door te dringen in de geheimen van de zonne-atmosfeer waar zonnestormen ontstaan. STCE werkt volop aan de satelliet 'Solar Orbiter' die de zon dichterbij dan ooit zal observeren terwij de duo-satelliet 'PROBA3' borg staat voor de perfecte zonsverduistering. En laatst maar zeker niet het minste, met de telescoop te Ukkel hebben ze onlangs deelgenomen aan een internationale waarnemingscampagne die prachtige en zeer gedetailleerde beelden van het zonneoppervlak opleverde. Laat je betoveren door spectaculaire beelden van zonnestormen en ruimteweer!</subfield>
  </datafield>
  <datafield tag="594" ind1=" " ind2=" ">
    <subfield code="a">NO</subfield>
  </datafield>
  <datafield tag="773" ind1=" " ind2=" ">
    <subfield code="t">Zonnekijkdagen, Cosmodrome Genk</subfield>
  </datafield>
  <datafield tag="856" ind1="0" ind2=" ">
    <subfield code="f">petra.vanlommel@observatoire.be</subfield>
  </datafield>
  <datafield tag="980" ind1=" " ind2=" ">
    <subfield code="a">OUTRTLK</subfield>
  </datafield>
</record>
</collection>